00451nam a2200193Ia 4500008004100000020001800041050001400059100001800073245001700091245001800108260001500126260001600141260000900157300001500166300002700181300001000208440003100218500000800249170918s9999 xx 000 0 und d a9780545258371 bC826 2010 aCorse, Nicole aPet heroes / cNicole Corse. aNew York : bScholastic, c2010 a32 pages : bcolored illustration ; c23cm. aScholastic reader level 3. a870